Sobre la identidad de Spermacoce polygonifolia y Spermacoce perijaensis (Spermacoceae-Rubiaceae) (Registro n. 330481)
[ somente texto ]
| 000 -LÍDER | |
|---|---|
| fixed length control field | 01635nab a2200253 i 4500 |
| 003 - CÓDIGO MARC DA AGÊNCIA CATALOGADORA | |
| Campo de controle | BR-BrBNA |
| 005 - DATA E HORA DA ÚLTIMA ATUALIZAÇÃO | |
| Campo de controle | 20250318103216.0 |
| 008 - CAMPO DE TAMANHO FIXO | |
| fixed length control field | 250318b2015 bl.qr|pooa||| 00| 0 spa | |
| 040 ## - FONTE DA CATALOGAÇÃO | |
| Agência catalogadora | BR-BrBNA |
| Idioma da catalogação | spa |
| 072 ## - CATEGORIA AGRIS | |
| Código AGRIS | F70 |
| 100 ## - ENTRADA PRINCIPAL - NOME PESSOAL | |
| Nome pessoal | Salas, Roberto M. |
| 100 ## - ENTRADA PRINCIPAL - NOME PESSOAL | |
| Nome pessoal | Souza, Elnatan B. |
| 100 ## - ENTRADA PRINCIPAL - NOME PESSOAL | |
| Nome pessoal | Cabral, Elsa Leonor |
| 245 ## - TÍTULO PRINCIPAL | |
| Título principal | Sobre la identidad de Spermacoce polygonifolia y Spermacoce perijaensis (Spermacoceae-Rubiaceae) |
| 500 ## - NOTA GERAL | |
| Nota geral | Publicação on-line; 15 ref.; Summaries (En, Es) |
| 942 ## - ADDED ENTRY ELEMENTS (KOHA) | |
| Koha item type | Analítica |
| 520 ## - NOTA DE RESUMO | |
| Nota de conteúdo | <br/>Resumen<br/><br/>Dos nuevas combinaciones en especies de la tribu Spermacoceae para Sudamérica son aquí presentadas:<br/>Spermacoce polygonifolia se transfiere al género Mitracarpus y S. perijaensis a Tobagoa. Se elige lectotipo<br/>para Tobagoa maleolens y neotipo para Diodia ottonis. <br/><br/>Palabras clave: lectotipificación, Mitracarpus, Spermacoceae, Tobagoa.<br/><br/><br/><br/><br/>Abstract<br/><br/>We present two new combinations in species of the Spermacoceae tribe from South America: Spermacoce<br/>polygonifolia is transferred to genus Mitracarpus and S. perijaensis to Tobagoa. We propose a lectotype for<br/>Tobagoa maleolens and neotype for Diodia ottonis. <br/><br/>Key words: lectotypification, Mitracarpus, Spermacoceae, Tobagoa. |
| 650 ## - ASSUNTO - THESAGRO | |
| Cabeçalho tópico ou nome geográfico | RUBIACEAE |
| 650 ## - ASSUNTO - THESAGRO | |
| Cabeçalho tópico ou nome geográfico | ESPÉCIE |
| 650 ## - ASSUNTO - THESAGRO | |
| Cabeçalho tópico ou nome geográfico | TAXONOMIA |
| 773 0# - ENTRADA ANALÍTICA | |
| Host Biblionumber | 709 |
| Registro do item | 349058 |
| Imprenta | Rio de Janeiro-RJ Jardim Botanico do Rio de Janeiro 1935 |
| Outro identificador | 2025-1576 |
| Título | Rodriguésia (Brazil) |
| ISSN | 0370-6583; 2175-7860 on-line |
| Colação | v. 66(3) p. 919-922; (2015) |
| Número de controle de registro | BR2025000228 |
| 856 ## - ACESSO E ENDEREÇO ELETRÔNICO | |
| Identificador uniforme de recurso - URI | https://www.scielo.br/j/rod/a/JWC9xmrZW4wVbFXbwcYywfy/?format=pdf&lang=es |
Nenhum exemplar disponível.

BINAGRI